KOHA-Header-6

Purchaseing and Supply chain Management (Record no. 776)

000 -LEADER
fixed length control field 00378nam a2200157Ia 4500
003 - CONTROL NUMBER IDENTIFIER
control field OSt
005 - DATE AND TIME OF LATEST TRANSACTION
control field 20190927190743.0
008 - FIXED-LENGTH DATA ELEMENTS--GENERAL INFORMATION
fixed length control field 190722s9999 xx 000 0 und d
020 ## - INTERNATIONAL STANDARD BOOK NUMBER
International Standard Book Number 978-0073525198
040 ## - CATALOGING SOURCE
Transcribing agency maju
100 ## - MAIN ENTRY--PERSONAL NAME
Personal name W.C.Benton JR
245 #0 - TITLE STATEMENT
Title Purchaseing and Supply chain Management
260 ## - PUBLICATION, DISTRIBUTION, ETC. (IMPRINT)
Place of publication, distribution, etc India
Name of publisher, distributor, etc MCGraw Hill ED
Date of publication, distribution, etc 2015
300 ## - PHYSICAL DESCRIPTION
Extent 549
942 ## - ADDED ENTRY ELEMENTS (KOHA)
Koha item type Books
Source of classification or shelving scheme
Holdings
Withdrawn status Lost status Source of classification or shelving scheme Damaged status Not for loan Collection code Permanent Location Current Location Shelving location Date acquired Full call number Barcode Date last seen Price effective from Koha item type
          Management MAJU MAJU   2019-07-22 658.7 7402 2019-07-22 2019-07-22 Management

Powered by Koha